000 00334nam a2200109Ia 4500
008 180315s9999 xx 000 0 und d
020 _a9780071793209
100 _aGallo, Carmine
245 4 _aThe apple experience :
_bsecrets to building insanely great customer loyalty
260 _aUSA :
_b2012
_cmcGrawHill
300 _avii, 227 pages
999 _c356298
_d356298